| 000 -LEADER |
| fixed length control field |
01341cam a2200337 a 4500 |
| 001 - CONTROL NUMBER |
| control field |
1126191 |
| 005 - DATE AND TIME OF LATEST TRANSACTION |
| control field |
20200227162008.0 |
| 008 - FIXED-LENGTH DATA ELEMENTS--GENERAL INFORMATION |
| fixed length control field |
941007s1995 nyuab b 001 0 eng |
| 010 ## - LIBRARY OF CONGRESS CONTROL NUMBER |
| LC control number |
94037275 |
| 020 ## - INTERNATIONAL STANDARD BOOK NUMBER |
| International Standard Book Number |
0231079664 (acidfree) |
| 020 ## - INTERNATIONAL STANDARD BOOK NUMBER |
| International Standard Book Number |
0231079672 (pbk. : acidfree) |
| 040 ## - CATALOGING SOURCE |
| Original cataloging agency |
DLC |
| Transcribing agency |
DLC |
| Modifying agency |
DLC |
| 041 ## - LANGUAGE CODE |
| Language code of text/sound track or separate title |
eng |
| 050 00 - LIBRARY OF CONGRESS CALL NUMBER |
| Classification number |
QL83.15 |
| Item number |
.C65 1995 |
| 080 ## - UNIVERSAL DECIMAL CLASSIFICATION NUMBER |
| Universal Decimal Classification number |
333 C-75 |
| 082 00 - DEWEY DECIMAL CLASSIFICATION NUMBER |
| Classification number |
333.95/16 |
| Edition number |
20 |
| 245 00 - TITLE STATEMENT |
| Title |
Conserving wildlife : |
| Remainder of title |
international education and communication approaches / |
| Statement of responsibility, etc. |
edited by Susan K. Jacobson. |
| 264 ## - PRODUCTION, PUBLICATION, DISTRIBUTION, MANUFACTURE, AND COPYRIGHT NOTICE |
| Place of production, publication, distribution, manufacture |
New York : |
| Name of producer, publisher, distributor, manufacturer |
Columbia University Press, |
| Date of production, publication, distribution, manufacture, or copyright notice |
c1995. |
| 300 ## - PHYSICAL DESCRIPTION |
| Extent |
xxxi, 302 p. : |
| Other physical details |
ill., maps ; |
| Dimensions |
24 cm. |
| 440 #0 - SERIES STATEMENT/ADDED ENTRY--TITLE |
| Title |
Methods and cases in conservation science |
| 9 (RLIN) |
7578 |
| 504 ## - BIBLIOGRAPHY, ETC. NOTE |
| Bibliography, etc. note |
Includes bibliographical references (p. [277]-288) and index. |
| 650 #0 - SUBJECT ADDED ENTRY--TOPICAL TERM |
| Topical term or geographic name entry element |
Wildlife conservation |
| General subdivision |
Study and teaching |
| -- |
Activity programs. |
| 9 (RLIN) |
7579 |
| 650 #0 - SUBJECT ADDED ENTRY--TOPICAL TERM |
| Topical term or geographic name entry element |
Wildlife conservation |
| General subdivision |
Citizen participation. |
| 9 (RLIN) |
7580 |
| 650 #0 - SUBJECT ADDED ENTRY--TOPICAL TERM |
| Topical term or geographic name entry element |
Wildlife conservation |
| General subdivision |
Case studies. |
| 9 (RLIN) |
7581 |
| 653 ## - INDEX TERM--UNCONTROLLED |
| keyword |
მარკეტინგი |
| 653 ## - INDEX TERM--UNCONTROLLED |
| keyword |
ეკონომიკა |
| 700 1# - ADDED ENTRY--PERSONAL NAME |
| Personal name |
Jacobson, Susan Kay. |
| 9 (RLIN) |
7582 |
| 906 ## - LOCAL DATA ELEMENT F, LDF (RLIN) |
| a |
7 |
| b |
cbc |
| c |
orignew |
| d |
1 |
| e |
ocip |
| f |
19 |
| g |
y-gencatlg |
| 942 ## - ADDED ENTRY ELEMENTS (KOHA) |
| Source of classification or shelving scheme |
|
| Koha item type |
წიგნი |